00543 2200205 4500001002100000005001500021008004100036020002100077035002500098041000800123082001100131090001100142100001700153245004500170250001600215260004200231300003400273500000800307650002200315INLIS00000000001934320130516052520 ind  a978-979-22-08-48 a0010-051300000019343 aind a621.38 a621.38 aLies, Aryati aPanduan Untuk Menjadi MC Profesional c.2 aCetakan : 4 aJakartabGramedia Pustaka Utamac2007 axii, 149 hlm. : ilus. ;21 cm. a147 aTeknik Elektronik